<?xml version="1.0" encoding="UTF-8"?><OAI-PMH xmlns="http://www.openarchives.org/OAI/2.0/" xmlns:xsi="http://www.w3.org/2001/XMLSchema-instance"     xsi:schemaLocation="http://www.openarchives.org/OAI/2.0/ http://www.openarchives.org/OAI/2.0/OAI-PMH.xsd"><responseDate>2026-05-16T22:54:21Z</responseDate><request verb="GetRecord" identifier="oai:regmurcia.com:fintegr.3805" metadataPrefix="marc21">http://oai.regmurcia.com/oai2/oai2.php</request><GetRecord><record><header><identifier>oai:regmurcia.com:fintegr.3805</identifier><datestamp>2026-05-17</datestamp><setSpec>documentos</setSpec></header><metadata><record  xmlns="http://www.loc.gov/MARC21/slim" xmlns:xsi="http://www.w3.org/2001/XMLSchema-instance" xsi:schemaLocation="http://www.loc.gov/MARC21/slim http://www.loc.gov/standards/marcxml/schema/MARC21slim.xsd" type="Bibliographic"><leader>00000nam a2200000   4500</leader><controlfield tag="001" >005075426</controlfield><controlfield tag="003" >3805</controlfield><controlfield tag="004" >A00000000</controlfield><datafield tag="245" ind1=" " ind2=" "><subfield code="a">Expediente con la información de testigos  para la denuncia interpuesta por Francisco Ramírez de León contra Bernardina Palazón en razón de ciertas querellas que no quiso admitir a tramite sobre la corta de pinos.</subfield></datafield><datafield tag="300" ind1=" " ind2=" "><subfield code="a">5 Fols.</subfield></datafield><datafield tag="351" ind1=" " ind2=" "><subfield code="a">Unidad Documental Compuesta</subfield><subfield code="c">Archivo de Fortuna. Array</subfield><subfield code="a">Unidad Documental Compuesta</subfield><subfield code="c">Archivo de Fortuna. Array</subfield></datafield><datafield tag="520" ind1=" " ind2=" "><subfield code="a">Expediente con la información de testigos  para la denuncia interpuesta por Francisco Ramírez de León, promotor fiscal y patgrimonial del Duque de Maqueda, contra Bernardina Palazón, alcalde ordinario que fue de la villa de Fortuna, en razón de ciertas querellas que el segundo no quiso  admitir a tramite sobre la corta de pinosen el término de la dicha villa para hacer carbón.</subfield></datafield><datafield tag="583" ind1=" " ind2=" "><subfield code="u">http://www.regmurcia.com/servlet/s.Sl?METHOD=VERDOCUMENTO&amp;sit=serv,Carmesi&amp;n=/21/10022/indice.djvu</subfield></datafield><datafield tag="592" ind1=" " ind2=" "><subfield code="b">1640-02-20</subfield></datafield><datafield tag="592" ind1=" " ind2=" "><subfield code="c">1640-02-23</subfield></datafield><datafield tag="592" ind1=" " ind2=" "><subfield code="d">1640-02-23 00:00:00</subfield></datafield><datafield tag="651" ind1=" " ind2=" "><subfield code="a">Fortuna</subfield></datafield><datafield tag="786" ind1=" " ind2=" "><subfield code="o">http://www.regmurcia.com/servlet/s.Sl?METHOD=VERDOCUMENTO&amp;sit=serv,Carmesi&amp;n=/21/10022/indice.djvu</subfield></datafield><datafield tag="856" ind1=" " ind2=" "><subfield code="u">http://www.regmurcia.com/servlet/s.Sl?METHOD=DETALLE&amp;sit=c,373,m,139,serv,Carmesi&amp;id=3805</subfield></datafield></record></metadata></record></GetRecord></OAI-PMH>
